<?xml version="1.0" encoding="UTF-8"?><?xml-stylesheet type="text/xsl" href="static/style.xsl"?><OAI-PMH xmlns="http://www.openarchives.org/OAI/2.0/" xmlns:xsi="http://www.w3.org/2001/XMLSchema-instance" xsi:schemaLocation="http://www.openarchives.org/OAI/2.0/ http://www.openarchives.org/OAI/2.0/OAI-PMH.xsd"><responseDate>2026-04-13T01:56:01Z</responseDate><request verb="GetRecord" identifier="oai:www.recercat.cat:2117/192480" metadataPrefix="marc">https://recercat.cat/oai/request</request><GetRecord><record><header><identifier>oai:recercat.cat:2117/192480</identifier><datestamp>2025-07-17T13:54:24Z</datestamp><setSpec>com_2072_1033</setSpec><setSpec>col_2072_452950</setSpec></header><metadata><record xmlns="http://www.loc.gov/MARC21/slim" xmlns:dcterms="http://purl.org/dc/terms/" xmlns:xsi="http://www.w3.org/2001/XMLSchema-instance" xmlns:doc="http://www.lyncode.com/xoai" xsi:schemaLocation="http://www.loc.gov/MARC21/slim http://www.loc.gov/standards/marcxml/schema/MARC21slim.xsd">
   <leader>00925njm 22002777a 4500</leader>
   <datafield ind2=" " ind1=" " tag="042">
      <subfield code="a">dc</subfield>
   </datafield>
   <datafield ind2=" " ind1=" " tag="720">
      <subfield code="a">Bonilla Rocha, Jorge Douglas</subfield>
      <subfield code="e">author</subfield>
   </datafield>
   <datafield ind2=" " ind1=" " tag="720">
      <subfield code="a">Larrúa Quevedo, Rafael</subfield>
      <subfield code="e">author</subfield>
   </datafield>
   <datafield ind2=" " ind1=" " tag="720">
      <subfield code="a">Recarey Morfa, Carlos Alexander</subfield>
      <subfield code="e">author</subfield>
   </datafield>
   <datafield ind2=" " ind1=" " tag="720">
      <subfield code="a">Mirambell Arrizabalaga, Enrique</subfield>
      <subfield code="e">author</subfield>
   </datafield>
   <datafield ind2=" " ind1=" " tag="260">
      <subfield code="c">2009</subfield>
   </datafield>
   <datafield ind2=" " ind1=" " tag="520">
      <subfield code="a">En este trabajo se realiza el estudio del comportamiento de conectadores tipo perno de estructuras mixtas de hor-migón y acero, en la tipología de viga y losa maciza de hormigón, sometida a flexión bajo carga estática. Para ello se emplea lamodelación y la simulación numérica con previa calibración y validación por medio de resultados experimentales. Se realiza unestudio paramétrico para valorar la influencia de los diferentes factores que intervienen en el comportamiento de la conexión,lo cual permite seleccionar las variables que entrarán en juego en la expresión propuesta. Finalmente se logra una nueva for-mulación que supone un avance significativo con respecto a las existentes en las principales normativas internacionales: AISC-LRFD  (2005),  Eurocode  4  (EN-1994-1-1:2004),  así  como  en  la  normativa  cubana  NR  080-2004,  al  tomar  en  consideraciónnuevos factores. Aspecto que redunda en una mayor precisión en el pronóstico de la capacidad resistente última.</subfield>
   </datafield>
   <datafield ind2=" " ind1=" " tag="520">
      <subfield code="a">In  this  work  is  studied  starting  from  the  numeric  simulation  with  previous  calibration  and  validation,  the behavior  of  studs  shear  connectors  of  composite  structures  of  concrete  and  steel  formed  by  beam  sections  and  solid  slab  ofconcrete,  subjected  to  flexion  under  loads  static.  In  such  a  sense  it  is  carried  out  a  parametric  study  that  allows  to  value  theinfluence  of  the  different  factors  that  intervene  in  the  behavior  of  the  connection  and  allow  to  establish  the  variables  of  the proposed formulation, obtaining a procedure enough easy and practical. Finally a new formulation the one is achieved whichs upposes a significant advance with regard to the existent ones in the main ones normative international: AISC-LRFD (2005),Eurocode  4  (IN-1994-1-1:2004),  as  well  as  the  normative  cuban  NR  080-2004,  when  taking  in  consideration  in  the expression new factors, redounding in a bigger precision in the presage of the ultimate strength capacity.</subfield>
   </datafield>
   <datafield ind2=" " ind1=" " tag="520">
      <subfield code="a">Postprint (published version)</subfield>
   </datafield>
   <datafield tag="653" ind2=" " ind1=" ">
      <subfield code="a">Àrees temàtiques de la UPC::Enginyeria civil::Materials i estructures</subfield>
   </datafield>
   <datafield tag="653" ind2=" " ind1=" ">
      <subfield code="a">Building, Iron and steel</subfield>
   </datafield>
   <datafield tag="653" ind2=" " ind1=" ">
      <subfield code="a">Estructuras mixtas</subfield>
   </datafield>
   <datafield tag="653" ind2=" " ind1=" ">
      <subfield code="a">Conectador</subfield>
   </datafield>
   <datafield tag="653" ind2=" " ind1=" ">
      <subfield code="a">Perno</subfield>
   </datafield>
   <datafield tag="653" ind2=" " ind1=" ">
      <subfield code="a">Simulación numérica</subfield>
   </datafield>
   <datafield tag="653" ind2=" " ind1=" ">
      <subfield code="a">Método de elementos finitos</subfield>
   </datafield>
   <datafield tag="653" ind2=" " ind1=" ">
      <subfield code="a">Capacidad resistente última</subfield>
   </datafield>
   <datafield tag="653" ind2=" " ind1=" ">
      <subfield code="a">Comportamiento</subfield>
   </datafield>
   <datafield tag="653" ind2=" " ind1=" ">
      <subfield code="a">Composite structures</subfield>
   </datafield>
   <datafield tag="653" ind2=" " ind1=" ">
      <subfield code="a">Connectors</subfield>
   </datafield>
   <datafield tag="653" ind2=" " ind1=" ">
      <subfield code="a">Stud shear</subfield>
   </datafield>
   <datafield tag="653" ind2=" " ind1=" ">
      <subfield code="a">Numerical simulation</subfield>
   </datafield>
   <datafield tag="653" ind2=" " ind1=" ">
      <subfield code="a">Finite element method</subfield>
   </datafield>
   <datafield tag="653" ind2=" " ind1=" ">
      <subfield code="a">Ultimate strength</subfield>
   </datafield>
   <datafield tag="653" ind2=" " ind1=" ">
      <subfield code="a">Behavior</subfield>
   </datafield>
   <datafield tag="653" ind2=" " ind1=" ">
      <subfield code="a">Construccions metàl·liques</subfield>
   </datafield>
   <datafield ind2="0" ind1="0" tag="245">
      <subfield code="a">Corrección del cálculo de la capacidad resistente última de conectadores tipo perno de estructuras mixtas en la tipología de viga-losa maciza</subfield>
   </datafield>
   <datafield ind2="0" ind1="0" tag="245">
      <subfield code="a">Correction of the calculation of the ultimate strength of studs shear connectors in solid slab composite section</subfield>
   </datafield>
</record></metadata></record></GetRecord></OAI-PMH>